Mitglieder von BTS - Statistiken

Allgemein
  • Dieses Quiz wurde 534 mal gespielt
  • Das Durchschnittsergebnis liegt bei 7 aus 7
Antwortstatistiken
Künstlername % Korrekt
Jungkook
95%
Suga
95%
Jimin
94%
Jin
94%
RM
94%
V
94%
J-Hope
91%
Keine übereinstimmenden Quizze gefunden
Verteilung der Resultate
Anzahl Personen mit jedem Resultat
Perzentil nach korrekt beantworteten Fragen
Ihre Resultats-Entwicklung
Sie haben dieses Quiz noch nicht gespielt